L'art de la porcelaine / (Record no. 157354)

MARC details
000 -LEADER
campo de control de longitud fija 01499nam a2200289 i 4500
001 - NÚMERO DE CONTROL
campo de control 157354
003 - IDENTIFICADOR DE NÚMERO DE CONTROL
campo de control ES-MaACL
005 - FECHA Y HORA DE LA ÚLTIMA TRANSACCIÓN
campo de control 20250816091141.0
008 - DATOS DE LONGITUD FIJA--INFORMACIÓN GENERAL
campo de control de longitud fija 990709s1771 fr a |||| | fre d
040 ## - FUENTE DE CATALOGACIÓN
Centro catalogador/agencia de origen CLM
Lengua de catalogación spa
Centro/agencia transcriptor CLM
100 1# - ENTRADA PRINCIPAL--NOMBRE DE PERSONA
Nombre de persona Milly, Nicolas-Christiern de Thy,
Títulos y otros términos asociados al nombre comte de,
Fechas asociadas al nombre 1728-1784
9 (RLIN) 153992
245 12 - MENCIÓN DEL TÍTULO
Título L'art de la porcelaine /
Mención de responsabilidad, etc. par M. le comte de Milly.
260 ## - PUBLICACIÓN, DISTRIBUCIÓN, ETC.
Lugar de publicación, distribución, etc. [Paris] :
Nombre del editor, distribuidor, etc. Saillant et Nyon,
Fecha de publicación, distribución, etc. 1771 (
Fabricante Imp. de L.F. Delatour)
300 ## - DESCRIPCIÓN FÍSICA
Extensión XXXII, 60, [2] p., [1] h. de grab., VIII h. de grab. ;
Dimensiones Fol. (44 cm)
490 1# - MENCIÓN DE SERIE
Mención de serie Descriptions des arts et métiers faites ou approuvées par Messieurs de l'Académie Royale des Sciences
530 ## - NOTA DISPONIBLE DE FORMULARIO FÍSICO ADICIONAL
Nota de formato físico adicional disponible Disponible en formato digital.
596 ## - NOTA AL PIE DE IMPRENTA
NOTA AL PIE DE IMPRENTA Datos de imp. tomados de colofón.
597 ## - NOTA DE DESCRIPCIÓN FÍSICA
NOTA DE DESCRIPCIÓN FÍSICA Sign.: a-h2, A-P2, Q1.
599 ## - NOTA A LAS ILUSTRACIONES
NOTA A LAS ILUSTRACIONES Las de grab. son calc., 3 de ellas pleg.
599 ## - NOTA A LAS ILUSTRACIONES
NOTA A LAS ILUSTRACIONES La h. de grab. calc.: "N. Ransonnette Inv. et Fecit" detrás de la portadilla.
650 #4 - PUNTO DE ACCESO ADICIONAL DE MATERIA--TÉRMINO DE MATERIA
Término de materia o nombre geográfico como elemento de entrada Porcelana-
Subdivisión de forma Obras anteriores a 1800.
9 (RLIN) 153994
700 1# - ENTRADA AGREGADA--NOMBRE PERSONAL
Nombre de persona Ransonnette, Nicolas,
Fechas asociadas al nombre 1745-1810
9 (RLIN) 153993
830 00 - PUNTO DE ACCESO ADICIONAL DE SERIE-TÍTULO UNIFORME
Título uniforme Descriptions des arts et métiers
9 (RLIN) 241750
852 ## - LOCALIZACIÓN
Ubicación ES-MaACL
Número de control de estantería R-53(5)
Nota libre - Enc. hol.
condición física - Falto de las [2] p.
Encuadernación - Edic.: la h. de grab., que mencionan independiente de la secuencia numerada en romanos de h. de grab., es un Front. calc.: "N. Ransonnette inv. et fecit"
-- Olim: C-10827-70
856 ## - LOCALIZACIÓN Y ACCESO ELECTRÓNICOS
Identificador Uniforme de Recursos <a href="http://gallica.bnf.fr/ark:/12148/bpt6k10676269?rk=21459;2 ">http://gallica.bnf.fr/ark:/12148/bpt6k10676269?rk=21459;2 </a>
Nota pública BNF-Gallica
Holdings
Estatus retirado Estado de pérdida Estado de daño No para préstamo Colección Biblioteca de origen Biblioteca actual Ubicación en estantería Fecha de adquisición Fuente de adquisición Total de préstamos Signatura topográfica completa Código de barras Visto por última vez Precio de reemplazo Tipo de ítem Koha
        Colección digital Biblioteca del Ateneo de Madrid Biblioteca del Ateneo de Madrid Depósito 17/01/2008     R-53(5) 1164670 23/02/2023 23/02/2023 Libro impreso antiguo